00570nam a22001577a 450000500170000001000150001702000260003203500140005803700130007208200130008510000220009824500750012026000580019527001040025330000550035720221130123649.0 aENG-135749 a9788184621358c799.00 aEN-119281 bDBAD/PUB a297.1226 aFazalbhoy, Moorad aA respite before infinity:beveryday reflections/cby Moorad Fazalbhoy aPrabhadevibVakils, Feffer and Simons Pvt. Ltd.c2016 aIndustry Manor, Appasaheb Marathe MargbMumbaie400025k00912224306780minfo@vakilspublicaitons.com a568p.c23cm(hbk)bGlossary, Bibliography and Index